000 01689nam a2200313 4500
001 0000023484
003 CO-CtgCURN
005 20250331184422.0
007 ta
008 160627s2009 000 0 eng d
020 _a9789586537933
040 _aCO-CtgCURN
_bspa
_ccoctgcurn
082 0 _a342.06
_bO77d
100 1 _aOssa Arbelaez, Jaime.
245 1 0 _aDerecho administrativo sancionador :
_buna aproximacion dogmatica /
_cJaime Ossa Arbelaez.
250 _a2a ed.
260 _aBogotá :
_bLegis,
_c2009.
300 _aliii, 803 p.
336 _2rdacontent
337 _2rdamedia
_asin mediacion
_bn
338 _2rdacarrier
_avolumen
_bnc
504 _aBibliografia (p. 779-803)
505 8 _aDe la Administración publica.--Del estado social de derecho.--De la funcion publica.--La responsabilidad en general.--De las potestades publicas y los factores de control.--De la potestad sancionadora de la Administración en el ambito del derecho constitucional y administrativo.--Del derecho penal administrativo. Sancionatorio administrativo y su estructura juridica.--Generalidades sobre los principios del derecho sancionatorio de la administracion.--De los principios mas trascendentales en el derecho sancionatorio.--Del procedimiento y sus principios como garantia juridica.--De las contravenciones en general. Delito y contravencion.--De la policia. Policia administrativa. Atributos.--De la sancion Administración. Caracteristicas. Modalidades
650 1 4 _aDerecho administrativo.
730 0 _aUna aproximacion dogmatica.
908 _a160627
942 _cBK
_h342.06
_iO77d
_2ddc
999 _c19076
_d19076